| 000 | 00345 a2200133 4500 | ||
|---|---|---|---|
| 040 |
_aDLC _bDLC |
||
| 082 | _a891.4391 | ||
| 100 | _aAsmat Hina Saleem. | ||
| 245 |
_aLamban _cAsmat Hina Saleem. _h(Punjabi) |
||
| 260 |
_aRawalpindi : _bNaz Co. Art, _c2004. |
||
| 300 |
_a121 p. ; _c24 cm. |
||
| 650 | _aPunjabi Poetry. | ||
| 942 |
_cBK _k891.4391 ASM _2ddc |
||
| 999 |
_c10130 _d10130 |
||